000 00533nam a2200169Ia 4500
008 210716s2003 xx 000 0 und d
020 _a8181280482
041 _aeng
082 _a005.2 DANS
100 _aDandamudi, Sivarama P.
245 _aIntroduction to assembly language programming: from 8086 to pentium processors.
_bFrom 8086 to pentium processors.
250 _a1
260 _aNew Delhi
_bSpringer
_c2003
300 _axxii,644
650 _aProgramming Languages(005.13)
700 _aGries, David; Schneider, Fred B.
999 _c185945
_d185945